000 01157nam a22001697a 4500
999 _c4913
_d4913
020 _a0929563611
020 _a9780929563619
050 _aKF8839
_b.K28
245 _aCivil litigation : a case study
_cR Pierce Kelley
260 _a Dallas, Tex. :
_bPearson Publications,
_c ©2001
300 _ax, 244 pages ;
_c 28 cm.
500 _a
505 _a1. Pre-Suit Activity. 2. The Pleadings Stage from the Plaintiff's Perspective. 3. The Pleadings Stage from the Defendant's Perspective. 4. The Written Discovery State. 5. Depositions. 6. Video Deposition of the Surgeon. 7. Continued Negotiations, Physical Examination of the Plaintiff, and Deposition of the Defendant's Expert. 8. Pretrial Motions, Orders of the Court, and Hearings Before the Court. 9. Final Trial Preparations. 10. Voir Dire and Opening Statements. 11. Plaintiff's Case in Chief. 12. Defendant's Case in Chief. 13. Closing Arguments, Jury Deliberations and the Verdict. 14. Post-Trial Motions. Appendix: Timetable of Events in Rose v. Nickel and Dime.
650 _a Civil procedure -- United States -- Cases.
_xCivil procedure.
650 _a United States.
942 _cBK